000 00398nam a2200157Ia 4500
008 240126s9999 xx 000 0 und d
041 _aEnglish
082 _aLIBRARY-VIII
245 0 _aIndia Today (1998 -
260 _bLiving Media India Ltd.
_aNew Delhi
440 _aNULL
520 _aSuppliment: Spice
650 _aIndia,Today,(1998,-,Management
650 _aManagement
942 _cJN
999 _c270301
_d270301